Statistiques concernant Drapeaux des provinces des Pays-Bas

Cliquez ici pour prendre le quiz!

Statistiques générales

  • Ce quiz a été pris 61 fois
  • Le résultat moyen est 7 sur 12

Statistiques - réponses

Réponse% Correct
Drenthe
69%
Frise
69%
Hollande-Méridionale
69%
Hollande-Septentrionale
69%
Groningue
63%
Zélande
63%
Limbourg
56%
Flevoland
50%
Utrecht
50%
Gueldre
44%
Overijssel
44%
Brabant-Septentrional
38%

Distribution des résultats

Percentile par nombre de réponses

% des personnes avec chaque résultat

Votre développement - résultats

Vous n’avez pas pris ce quiz